000 00638nam a2200205Ia 4500
003 GCL
008 140319s9999 xx 000 0 ara d
040 _aGCL /
_cGCL
082 0 4 _aق
_b912.62
_bم ا
100 1 _aمنظمة السيارات المحدودة
245 1 0 _aاطلس طرق مصر /
_cمنظمة السيارات المحدودة
260 _aانجلترا :
_bمنظمة السيارات المحدودة ،
_c1996
300 _a120 ص
490 _a
650 0 4 _aالخرائط
650 0 4 _aالاطالس - مصر
650 0 4 _aخرائط الطرق
650 0 4 _aمصر - الخرائط
942 _2ddc
_cBK
999 _c52304
_d52304